[Event "Francophonie-chT Rapid"]
[Site "Tornelo INT"]
[Date "2022.06.04"]
[Round "2.5"]
[White "Doknjas, Neil"]
[Black "Sokolova, Larisa"]
[Result "1-0"]
[WhiteElo "2128"]
[BlackElo "1642"]
[PlyCount "71"]
[EventDate "2022.06.04"]
[EventType "team-swiss (rapid)"]
[EventRounds "11"]
[EventCountry "FRA"]
[SourceTitle "CBM 208 Extra"]
[Source "ChessBase"]
[SourceDate "2022.07.31"]
[SourceVersion "1"]
[SourceVersionDate "2022.07.31"]
[SourceQuality "1"]
[WhiteTeam "Canada"]
[BlackTeam "Cyprus"]
[WhiteTeamCountry "CAN"]
[BlackTeamCountry "CYP"]

1. e4 c5 2. Nf3 e6 3. d4 cxd4 4. Nxd4 Nf6 5. Nc3 a6 6. Be3 d6 7. f3 Be7 8. g4 Nc6 9. Qd2 Ne5 10. g5 Nfd7 11. f4 Ng4 12. Bg1 e5 13. Nf5 exf4 14. h4 Nde5 15. Qxf4 Bxf5 16. exf5 f6 17. g6 hxg6 18. fxg6 Qd7 19. 0-0-0 Nxg6 20. Qd2 0-0 21. Qd5+ Kh8 22. Qh5+ Nh6 23. Qxg6 f5 24. Bd4 Bf6 25. Bxf6 Rxf6 26. Qg2 Re8 27. Bc4 b5 28. Bb3 f4 29. Nd5 Rff8 30. Rhf1 Qf5 31. Rxf4 Qe5 32. Rxf8+ Rxf8 33. Qg5 Qe2 34. Qe3 Qg4 35. Rg1 Qxh4 36. Ne7 1-0

[Event "Online Olym Div4 B"]
[Site "Chess.com INT"]
[Date "2020.08.01"]
[Round "5.5"]
[White "Vilhete, Vania Fausto da T"]
[Black "Sokolova, Larisa"]
[Result "1-0"]
[WhiteElo "1799"]
[BlackElo "1642"]
[PlyCount "61"]
[EventDate "2020.07.31"]
[EventType "team-tourn (rapid)"]
[EventRounds "9"]
[EventCountry "USA"]
[SourceTitle "CBM 198"]
[Source "ChessBase"]
[SourceDate "2020.10.31"]
[SourceVersion "1"]
[SourceVersionDate "2020.10.31"]
[SourceQuality "1"]
[WhiteTeam "Mozambique"]
[BlackTeam "Cyprus"]
[WhiteTeamCountry "MOZ"]
[BlackTeamCountry "CYP"]

1. d4 d5 2. c4 e5 3. e3 Nc6 4. dxe5 Nxe5 5. cxd5 Nf6 6. Nc3 Bd7 7. Be2 Bb4 8. Nf3 Nxf3+ 9. Bxf3 0-0 10. 0-0 Bxc3 11. bxc3 Bf5 12. c4 Ne4 13. Bb2 Nd6 14. c5 Ne8 15. Qd4 f6 16. Rfd1 Kh8 17. Rac1 b6 18. cxb6 axb6 19. d6 Rxa2 20. dxc7 Qxd4 21. Bxd4 Nd6 22. Bxb6 Nf7 23. Bd5 Raa8 24. Bxa8 Rxa8 25. e4 Bg4 26. f3 Be6 27. Rc6 Bb3 28. Rb1 h6 29. c8Q+ Rxc8 30. Rxc8+ Kh7 31. Rxb3 1-0

[Event "Online Olym Base C"]
[Site "Chess.com INT"]
[Date "2020.07.26"]
[Round "4.4"]
[White "Ballestero, Aimara"]
[Black "Sokolova, Larisa"]
[Result "0-1"]
[WhiteElo "1224"]
[BlackElo "1642"]
[PlyCount "76"]
[EventDate "2020.07.25"]
[EventType "team-tourn (rapid)"]
[EventRounds "9"]
[EventCountry "USA"]
[SourceTitle "CBM 198"]
[Source "ChessBase"]
[SourceDate "2020.10.31"]
[SourceVersion "1"]
[SourceVersionDate "2020.10.31"]
[SourceQuality "1"]
[WhiteTeam "Aruba"]
[BlackTeam "Cyprus"]
[WhiteTeamCountry "ARN"]
[BlackTeamCountry "CYP"]

1. d4 Nf6 2. Nf3 d5 3. Bf4 c5 4. c3 cxd4 5. cxd4 Nc6 6. e3 Bf5 7. Bd3 Bxd3 8. Qxd3 e6 9. 0-0 Be7 10. Nbd2 0-0 11. Ne5 Nb4 12. Qc3 Rc8 13. Qb3 Nd7 14. Nxd7 Qxd7 15. Rac1 f6 16. a3 Nc6 17. Nf3 Na5 18. Qd3 Nc4 19. Qe2 Rc6 20. Rc2 Rfc8 21. Rfc1 b5 22. e4 a6 23. e5 f5 24. Bg5 Bxg5 25. Nxg5 h6 26. Nf3 R8c7 27. Nd2 Nxd2 28. Qxd2 Qc8 29. Rxc6 Rxc6 30. Rxc6 Qxc6 31. Qc3 Qxc3 32. bxc3 a5 33. f4 g5 34. g3 Kg7 35. Kf2 Kg6 36. h3 h5 37. g4 fxg4 38. Kg3 Kf5 0-1

[Event "Lympia Cyprus-ch op"]
[Site "Lympia"]
[Date "2020.01.25"]
[Round "6"]
[White "Sokolova, Larisa"]
[Black "Sokolova, Victoria"]
[Result "1-0"]
[WhiteElo "1713"]
[BlackElo "1236"]
[PlyCount "39"]
[EventDate "2020.01.05"]
[EventType "swiss"]
[EventRounds "9"]
[EventCountry "CYP"]
[SourceTitle "CBM 194 Extra"]
[Source "ChessBase"]
[SourceDate "2020.03.31"]
[SourceVersion "1"]
[SourceVersionDate "2020.03.31"]
[SourceQuality "1"]

1. e4 e5 2. Nc3 Nc6 3. f4 Bc5 4. Nf3 exf4 5. Bc4 d6 6. d4 Bb4 7. Bxf4 Nge7 8. 0-0 0-0 9. Ng5 h6 10. Nxf7 Rxf7 11. Bxf7+ Kxf7 12. Qh5+ Kg8 13. Rf3 Nxd4 14. Rg3 Bxc3 15. bxc3 Ne6 16. Bxh6 Qf8 17. Rf1 Qd8 18. Qf7+ Kh7 19. Rxg7+ Kh8 20. Rh7# 1-0

[Event "Lympia Cyprus-ch op"]
[Site "Lympia"]
[Date "2020.01.19"]
[Round "5"]
[White "Ioannides, Andreas"]
[Black "Sokolova, Larisa"]
[Result "1-0"]
[WhiteElo "1372"]
[BlackElo "1713"]
[PlyCount "65"]
[EventDate "2020.01.05"]
[EventType "swiss"]
[EventRounds "9"]
[EventCountry "CYP"]
[SourceTitle "CBM 194 Extra"]
[Source "ChessBase"]
[SourceDate "2020.03.31"]
[SourceVersion "1"]
[SourceVersionDate "2020.03.31"]
[SourceQuality "1"]

1. b4 d5 2. Bb2 Bf5 3. Nf3 e6 4. e3 Nf6 5. b5 c5 6. c4 Nbd7 7. cxd5 exd5 8. Nc3 Nb6 9. d4 c4 10. Be2 Bd6 11. a4 a5 12. 0-0 0-0 13. Ba3 Re8 14. Qc1 Bb4 15. Bb2 Ne4 16. Nd2 Nxc3 17. Bxc3 Bd6 18. Bf3 Bd3 19. Re1 Bxh2+ 20. Kxh2 Qh4+ 21. Kg1 Re6 22. Nf1 Rh6 23. g3 Qh3 24. Bg2 Qf5 25. Qd1 Bc2 26. Qf3 Qxf3 27. Bxf3 Nxa4 28. Ra3 Bb3 29. Rc1 Nxc3 30. Rxc3 Rd6 31. Nd2 a4 32. Nxb3 cxb3 33. Rcxb3 1-0

[Event "Lympia Cyprus-ch op"]
[Site "Lympia"]
[Date "2020.01.18"]
[Round "4"]
[White "Sokolova, Larisa"]
[Black "Kourouyiannis, Fivos"]
[Result "0-1"]
[WhiteElo "1713"]
[BlackElo "1711"]
[PlyCount "122"]
[EventDate "2020.01.05"]
[EventType "swiss"]
[EventRounds "9"]
[EventCountry "CYP"]
[SourceTitle "CBM 194 Extra"]
[Source "ChessBase"]
[SourceDate "2020.03.31"]
[SourceVersion "1"]
[SourceVersionDate "2020.03.31"]
[SourceQuality "1"]

1. e4 d6 2. f4 e5 3. Nf3 exf4 4. Bc4 Be6 5. Bxe6 fxe6 6. d4 g5 7. h4 gxh4 8. Bxf4 Qf6 9. Qd2 Bh6 10. Bxh6 Nxh6 11. Rxh4 Nf7 12. Nc3 Nc6 13. 0-0-0 0-0-0 14. Rdh1 h6 15. Rf4 Qg7 16. Ne2 e5 17. Rfh4 Qxg2 18. Ne1 Qg5 19. d5 Nb4 20. a3 Na6 21. R4h2 Nc5 22. Nf3 Qg4 23. Qe3 Qxe4 24. Qxe4 Nxe4 25. c4 Rdg8 26. Nh4 h5 27. Rf1 Nh6 28. Nf5 Nxf5 29. Rxf5 h4 30. Rf3 Ng5 31. Rf5 e4 32. Ng1 h3 33. Kd1 Nf3 34. Nxf3 exf3 35. Rxf3 Rg1+ 36. Ke2 Rg2+ 37. Rxg2 hxg2 38. Kf2 Rg8 39. Kg1 b6 40. Rf2 Rg4 41. Rxg2 Rxc4 42. Rd2 b5 43. Kf2 Re4 44. Kf3 Re5 45. Kf4 Kb7 46. b4 Kb6 47. Kf3 a5 48. Rd3 a4 49. Kf4 c6 50. dxc6 Kxc6 51. Kf3 Re1 52. Kf2 Rb1 53. Rd2 Rb3 54. Ra2 d5 55. Ke2 d4 56. Rc2+ Kb6 57. Ra2 Rh3 58. Ra1 Rc3 59. Kd2 Kc6 60. Rh1 Rxa3 61. Rh5 Rc3 0-1